000 00993nam a22003137a 4500
003 CHAP
005 20220329134248.0
008 971013s1959 r 00010 d
010 _a17793
011 _a18765
035 _a22850
040 _cCHAP
082 _a660.62
_bJ6Y 1948
100 0 0 _aJorgensen, Alfred.
_962117
245 _aMicrobiología de las fermentaciones industriales
260 _aZaragoza :
_bAcribia,
_c1959
300 _a591 p.
_b: ilus
500 _aTrad. de : Mikroorganismen der garungs-industrie 7 ed. de 1948
590 _aBATCH-UPD
_b10
_c20130110
_lUCH01
_h1713
590 _aBATCH-UPD
_b10
_c20130410
_lUCH01
_h1058
590 _aBATCH-UPD
_b10
_c20130914
_lUCH01
_h0516
590 _aCONVERSION
_b10
_c20130109
_lUCH01
_h1311
650 1 4 _aBacterias.
_99318
650 1 4 _aFermentación.
_940083
650 1 4 _aMicrobiología industrial.
_975499
901 _aBK
942 _cLIBRO
949 _a660.62 J6Y 1948
_bBC
_cLIBRO
_d33724002008819
_eLIBRO
_h39353
_i22850
_so
999 _c17793
_d17793